000 00644nmm a2200241 a 4500
003 AR-BaBNM
005 20251128202655.0
008 207119s1988 ||||||||||||||000 | spa||
020 _a950-43-2115-1
040 _cAR-BaBNM
100 1 _aJijena Sánchez, Lidia Rosalía de
245 1 0 _aRumor de pájaros
260 _aBuenos Aires
_bEdiciones Romano
_c1988
300 0 _a81 p.
_bil.
650 4 _aLITERATURA ARGENTINA
650 4 _aPOESIA
650 4 _aLITERATURA CONTEMPORANEA
655 _aLITERATURA
700 1 _aBertotti, Adolfo Javier
_eilustrador
700 1 _aPiaggi Costa, Isabel
_eprologuista
942 _cBK
998 _cMARTIN
999 _c76
_d76